[Event "Ciocaltea Memorial"]
[Site "Bucharest"]
[Date "1999.03.12"]
[Round "9"]
[White "Vasilescu, Lucian Mihail"]
[Black "Marin, Mihail"]
[Result "0-1"]
[WhiteElo "2381"]
[BlackElo "2527"]
[Annotator "Marin,M"]
[PlyCount "60"]
[EventDate "1999.03.04"]
[EventType "tourn"]
[EventRounds "13"]
[EventCountry "ROU"]
[EventCategory "10"]
[SourceTitle "CBM 070"]
[Source "ChessBase"]
[SourceDate "1999.06.08"]
[SourceVersion "1"]
[SourceVersionDate "1999.06.08"]
[SourceQuality "1"]

1. d4 Nf6 2. c4 e6 3. Nc3 Bb4 4. Qc2 c5 5. dxc5 O-O 6. a3 Bxc5 7. Nf3 b6 8. Bg5
Bb7 9. e3 (9. e4) 9... Be7 (9... Bxf3 10. gxf3 Nc6 11. O-O-O $40) 10. Rd1 (10.
Be2 d6) 10... Bxf3 $5 11. gxf3 Nc6 12. f4 (12. Be2 Rc8) (12. Bd3 Ne5 13. Be2
Qc7) 12... Ne8 13. Rg1 (13. h4 h6 14. Bd3 Rc8 $1 (14... f6 $2 15. Bxh6 gxh6 16.
Bh7+ Kh8 17. Qg6 $18) (14... f5 $5)) 13... f6 14. Bh4 f5 15. Bg5 (15. Bg3 Rc8)
15... Rc8 {><c4} 16. Qa4 (16. Be2) 16... Bxg5 17. Rxg5 (17. fxg5 f4 {
/\Qd8-c7-e5, ><h2, e3.}) 17... Qe7 18. Bg2 (18. Be2) 18... Nf6 (18... Nd6 $5 {
/\Nb7-c5} 19. Bf3 (19. Nb5 Nxb5 20. cxb5 Na5 21. b4 Nc4 22. Qxa7 Rfd8 23. Rd4
Qf7 24. Bf3 d5 25. Qxf7+ Kxf7 26. a4 Ra8 27. Bd1 Nb2 $15 {צg5}) 19... Na5 20.
b3 (20. Qb4 Naxc4 21. b3 a5) 20... Qf6 (20... Nf7 21. Rg1 d5 $2 22. cxd5 Rxc3
23. Qd4) 21. Ne2 Nf7 22. Rg1 Qb2 23. Nd4 Rfd8) 19. Nb5 h6 20. Rg3 e5 $5 $36 21.
fxe5 $138 (21. Nd6 $142 $13 exf4 22. Nxf5 (22. Nxc8 Rxc8 23. Rh3 Ng4 $44) 22...
Qe5 23. Rxg7+ Kh8 24. Qc2 (24. Qb5 d5 25. Bh3 (25. e4 Nxe4 26. Rxd5 Rxf5 $1)
25... fxe3 26. fxe3 Qxh2 $17) 24... fxe3 25. fxe3 (25. Nh4 exf2+ 26. Kf1 Nd4
27. Qd3 Qxh2 $19) 25... Rg8 (25... Nh5 26. Rh7+) (25... Na5 26. Rg6 (26. Bf1
Rc5 27. Bd3) 26... Ng8 27. Nd6 Qxe3+ 28. Qe2 Qg1+ 29. Kd2 Nxc4+ 30. Nxc4 Qd4+
31. Kc2 $14) 26. Rg3 Rxg3 27. hxg3 Na5 28. Bf1 (28. b3 Nxb3) 28... Rc5 29. Bd3
(29. b4 Qxf5 30. Bd3 Qg5 31. bxc5 Qxe3+ $44) 29... Nxc4 30. Bxc4 Qxf5) 21...
Qxe5 22. Nd6 (22. f4 Qxb2 23. Nd6 Nh5 24. Bd5+ Kh8 25. Rh3 Qc3+ 26. Kf1 Nxf4)
22... f4 $40 23. Rf3 fxe3 24. Nxc8 (24. Rxe3 Qxh2) 24... Qxh2 $1 25. Bf1 (25.
Kf1 e2+ 26. Kxe2 Qxg2 27. Nd6 Qg4 $19) 25... exf2+ 26. Rxf2 (26. Ke2 Rxc8) (26.
Kd2 Ne4+ 27. Ke3 (27. Ke2 Rxc8 $19) 27... Re8 $19) 26... Qh4 $19 27. Rdd2 (27.
Ne7+ Nxe7 28. Ke2 Re8 $19) 27... Ne4 28. Qc2 Nxf2 29. Rxf2 Nd4 30. Qd2 Nf3+ 0-1

[Event "ROM-ch"]
[Site "Bucharest"]
[Date "1998.12.15"]
[Round "8"]
[White "Danilov, Ilie Vladimir"]
[Black "Marin, Mihail"]
[Result "1/2-1/2"]
[WhiteElo "2335"]
[BlackElo "2530"]
[Annotator "Marin,M"]
[PlyCount "100"]
[EventDate "1998.12.08"]
[EventType "tourn"]
[EventRounds "15"]
[EventCountry "ROU"]
[EventCategory "9"]
[SourceTitle "CBM 069"]
[Source "ChessBase"]
[SourceDate "1999.04.01"]
[SourceVersion "1"]
[SourceVersionDate "1999.04.01"]
[SourceQuality "1"]

1. d4 Nf6 2. c4 e6 3. Nc3 Bb4 4. Qc2 c5 5. dxc5 O-O 6. Nf3 Na6 7. e3 Nxc5 8.
Bd2 b6 9. Be2 Bb7 10. O-O Rc8 ({Mutarea egalizatoare se pare} 10... Nce4 {
nici nu mi-a trecut prin minte. Eu doream o pozitie complicata.}) ({Totusi,
judecata Mircidiana bazata pe întrebarea "în ce etapa ma aflu?" m-ar fi dus la
concluzia ca nu ar fi stricat sa fac legatura între ture cu} 10... Qe7 11. Rad1
$140 Rfd8 12. Nb5 $6 a5) 11. Rad1 Qe7 12. a3 (12. Nb5) 12... Bxc3 13. Bxc3 Rfd8
{Acum totul a reintrat în normal pentru negru.} 14. b4 Nce4 15. Ba1 (15. Bd4)
15... d5 16. Qb3 Nd6 $1 {Mi-a luat ceva timp sa gasesc aceasta mutare.
Schimbul la c4 ar fi avut dezavantajul de a permite schimbul unei perechi de
ture. Albul trebuie lasat sa sufere cu turele rau plasate si trebuie atacata
slabiciunea c4.} 17. cxd5 (17. Bxf6 Qxf6 {ar fi evitat problema nebunului rau,
dar slabiciunea câmpului c3 ar fi putut deveni neplacuta, ca în partida mea 
(eu cu albul) cu Rechlis.}) 17... Bxd5 18. Qb2 Bc4 19. Bxc4 Nxc4 20. Rxd8+ Qxd8
21. Qc3 b5 22. Rc1 Ne8 (22... a6 23. Nd2 (23. Nd4 Ne4 24. Qc2 Qd5 25. Nb3 Rd8)
23... e5 24. Nxc4 Rxc4 25. Qe1 (25. Qb2 Qd3 26. h3 Nd7 $15)) 23. Nd4 Qd5 (23...
e5 24. Nb3 (24. Nxb5 Ncd6 $17)) 24. Nb3 {Albul cade în cursa pregatita de mine,
dar are noroc.} e5 ({Cursa consta în} 24... Nxe3 $4 {Din pacate, sau din
fericire, am vazut brusc} 25. Qxg7+ $3 $18 ({Danilov planuise} 25. Qxe3 {
nevazând} Qxb3 ({ci doar} 25... Rxc1+ 26. Qxc1 Qxb3 27. h3 $15) 26. Re1 Qxe3
27. fxe3 $19)) 25. Nc5 a5 26. e4 Qc6 27. Qg3 axb4 $6 (27... Qd6 28. h3 (28. Nb7
Qd2 29. Rf1 axb4 30. axb4 Qxb4 $17 31. Bxe5 $2 Qe7 $19) 28... Nf6 29. Qf3 a4 {
nu ar fi fost lipsit de unele parti negative: atârna mereu Nxa4.}) 28. axb4 Qd6
29. h3 Ra8 30. Bc3 Nf6 31. Qf3 h6 32. Rd1 Qe7 33. Kh2 Ra3 (33... Ra2) 34. Rd3
Ne8 35. Rd7 (35. Bxe5 {nu merge deocamdata.}) 35... Qf6 36. Rd3 (36. Qxf6 Nxf6
37. Rd3 Ra2 38. Kg3 (38. f3 Nh5 39. Rd8+ Kh7 40. Nd7 f6 41. Nf8+ Kg8) 38... Kh7
39. Kf3 g5) 36... Qxf3 37. Rxf3 Ned6 38. Rd3 f6 (38... f5 $2 39. f3 $14) 39. f3
h5 40. Kg3 Kf7 $6 ({Mai tehnic ar fi fost} 40... Ra2 {nepermitând mutarea
eliberatoare din partida. Singura scuza este ca nu mai aveam multe minute
pentru ultima mutare. Daca as fi folosit putin mai rational timpul dupa ce
obinusem avantaj...} 41. h4 Kf7 42. Kh3 Rc2 43. Kg3 Ke7 44. Kh3 Re2 (44... g6
45. Kg3 f5) 45. Rd1 $5 (45. Kg3 Ne3 $17 46. Rd2 $140 Nf1+) (45. Nb3 g6 $17 {
/\f5}) 45... Ne3 46. Ra1 Rxg2 (46... Rc2 47. Ra7+ Ke8 48. Ba1 Nxg2 49. Ne6 g6
50. Nc7+ Kd8 51. Nd5) 47. Ra7+ Kf8 48. Rd7 (48. Ne6+ Kg8 49. Rd7 Rf2 50. Kg3
Rc2 $19) 48... Rf2 $3 {Hiarcs 6.0} (48... Ndc4 49. Ne6+ Kg8 50. Be1 Rg6) 49.
Kg3 (49. Rxd6 Rxf3+ 50. Kh2 Ng4+ 51. Kg2 Rxc3) (49. Ne6+ Ke8) 49... Rc2 $1 $19)
41. f4 exf4+ 42. Kxf4 Ra2 43. Kf3 (43. Kg3 h4+ 44. Kf3 Ke7 45. g3 Nf7 $19)
43... Ke7 $6 (43... h4 44. g3 hxg3 45. Kxg3 $15) 44. h4 Rc2 45. Kg3 Rc1 46. Kh2
Rf1 47. Rg3 Ne8 48. Rd3 Ned6 49. Rg3 Nc8 50. Rd3 N8d6 1/2-1/2

[Event "Benasque op 20th"]
[Site "Benasque"]
[Date "2000.07.14"]
[Round "9"]
[White "Pogorelov, Ruslan"]
[Black "Marin, Mihail"]
[Result "0-1"]
[WhiteElo "2445"]
[BlackElo "2557"]
[Annotator "Marin,M"]
[PlyCount "72"]
[EventDate "2000.07.06"]
[EventType "swiss"]
[EventRounds "10"]
[EventCountry "ESP"]
[SourceTitle "CBM 078"]
[Source "ChessBase"]
[SourceDate "2000.10.18"]
[SourceVersion "1"]
[SourceVersionDate "2000.10.18"]
[SourceQuality "1"]

1. d4 Nf6 2. c4 e6 3. Nc3 Bb4 4. Qc2 c5 5. dxc5 O-O 6. a3 Bxc5 7. Nf3 b6 8. Bg5
Bb7 9. e4 h6 10. Bh4 Be7 11. Be2 (11. Rd1 Nc6) 11... d6 12. Rd1 Nbd7 13. O-O (
13. e5 dxe5 14. Nxe5 Qe8 15. Nxd7 Nxd7 16. Bxe7 Qxe7 $11) 13... Qc7 14. b4 (14.
Nb5 Qc6) 14... a6 15. Rd2 Rac8 16. Rfd1 Rfd8 17. Bg3 Ne8 $1 {This move defends
safely d6 and white will find himself with no active plan. Besides, e4 and c4
are weak.} (17... e5 $6 18. Rc1) 18. Qb1 Qb8 19. a4 $6 {><b4} Bf6 20. Na2 (20.
Bxd6 Nxd6 21. Rxd6 Bxc3 22. Rxd7 Rxd7 23. Rxd7 Bc6 24. Rd1 (24. Rd3 Bxe4) 24...
Bxa4 $15) 20... Qa8 21. Bxd6 (21. Bd3 a5 $1) 21... Bxe4 22. Qb3 Nxd6 23. Rxd6
Ne5 24. Rxb6 Rxd1+ 25. Qxd1 Nxc4 26. Bxc4 Rxc4 $17 {^^, פa2} 27. Qd6 Bb7 (
27... Kh7 {Pogoreov}) 28. h3 Rc8 29. Qd3 Bd5 30. Qe2 Bc4 (30... Bxa2) 31. Qd2
Bxa2 (31... Bd8 32. Rd6 Bxa2) 32. Qxa2 Rc1+ 33. Kh2 Bd8 34. Rxe6 Bc7+ 35. Re5
Qe4 36. Qb2 Re1 0-1

[Event "EU-chT (Men) 18th"]
[Site "Porto Carras"]
[Date "2011.11.03"]
[Round "1.2"]
[White "Gretarsson, Hjorvar Steinn"]
[Black "Shirov, Alexei"]
[Result "1-0"]
[WhiteElo "2452"]
[BlackElo "2705"]
[Annotator "Marin,M"]
[PlyCount "85"]
[EventDate "2011.11.03"]
[EventType "team-swiss"]
[EventRounds "9"]
[EventCountry "GRE"]
[SourceTitle "CBM 146"]
[Source "ChessBase"]
[SourceDate "2012.01.18"]
[SourceVersion "1"]
[SourceVersionDate "2012.01.18"]
[SourceQuality "1"]
[WhiteTeam "Iceland"]
[BlackTeam "Spain"]
[WhiteTeamCountry "ISL"]
[BlackTeamCountry "ESP"]

1. d4 Nf6 2. c4 e6 3. Nc3 Bb4 4. Qc2 O-O 5. Nf3 c5 6. dxc5 Na6 7. c6 $5 {
A relatively new idea, advocated by Morozevich. White intends to spoil Black's
general harmony.} ({The old main continuations are} 7. g3 Nxc5) ({and} 7. Bd2
Nxc5) 7... d5 (7... dxc6 {1-0 Morozevich,A (2788)-Ponomariov,R (2718)/Moscow
2008/CBM 126/[Krasenkow] (37)}) (7... bxc6 8. g3 Nc5 9. Bg2 Ba6 (9... Nce4 10.
O-O Nxc3 11. bxc3 Be7 12. e4 d5 13. Nd4 Bd7 14. e5 Ne8 15. Rd1 $14 {1-0
Ivanisevic,I (2630)-Vocaturo,D (2570)/Wijk aan Zee 2011/CBM 141 (37)}) 10. Nd2
Qa5 11. Ncb1 e5 12. O-O Ne6 13. a3 Bxd2 14. Nxd2 Nd4 15. Qd1 d5 16. e3 Ne6 17.
b4 Qb6 {Ivanisevic,I (2630)-Bogosavljevic,B (2561)/Kragujevac 2011/CBM 141
Extra (1-0, 67)} 18. Bb2 $5 $14) 8. Bd2 $6 $146 ({The previously played} 8. a3
Bxc3+ 9. Qxc3 {looks safer.} Ne4 10. Qc2 bxc6 (10... Qa5+ 11. Nd2 Nb4 12. Qb1
Nxc6 13. b4 Nxd2 14. Bxd2 Qd8 15. e3 dxc4 16. Qe4 Qd5 17. Qxc4 Qxc4 18. Bxc4
Ne5 19. Be2 Rd8 20. O-O-O Nd3+ 21. Bxd3 Rxd3 22. Bc3 Rd7 $11 {Miedema,R (2432)
-Van Oosterom,C (2402)/Enschede 2009 (1/2, 38)}) 11. e3 Qa5+ 12. Bd2 Nxd2 13.
Nxd2 c5 14. Bd3 h6 15. O-O Bb7 16. Rfc1 Qb6 17. b4 $5 $36 {Morozevich,A (2751)
-Ivanchuk,V (2746)/Leon 2009/CBM 130 Extra (1/2, 51)}) 8... d4 9. Nb5 bxc6 10.
Nbxd4 Bxd2+ 11. Qxd2 Qb6 {White is heavily underdeveloped and likely to get
into trouble soon.} 12. e3 Rd8 13. c5 Nxc5 14. Bc4 e5 $5 (14... Nce4 15. Qc2 c5
$36 {is simpler}) 15. Bxf7+ (15. Nxe5 Nce4 16. Qe2 Qa5+ 17. Kf1 Qxe5 18. Nxc6
Qd6 19. Nxd8 Qxd8 $15) 15... Kxf7 16. Nxe5+ Kf8 17. Nc4 Qc7 18. Qb4 Rd5 19. O-O
Rb8 20. Qa3 Kg8 $17 21. Rac1 Nce4 22. f3 Rh5 23. f4 c5 24. Ne5 Qb7 25. Ndc6 Ra8
26. b4 Be6 27. bxc5 Bd5 28. Nd4 Qe7 29. Qa5 Qd8 30. Qxd8+ Rxd8 31. Rfd1 Rc8 32.
g4 Rh3 33. Nf5 Kf8 34. g5 Bxa2 35. gxf6 gxf6 36. Nd7+ Kf7 37. Nd6+ Nxd6 38.
Rxd6 Rg8+ 39. Kh1 Rxe3 40. Nxf6 Rb8 41. Ng4 Re4 42. Ne5+ Ke8 43. Nd7 1-0

[Event "Braganca Paulista op"]
[Site "Sao Paulo"]
[Date "1997.??.??"]
[Round "4"]
[White "Milos, Gilberto"]
[Black "Sunye Neto, Jaime"]
[Result "1-0"]
[WhiteElo "2590"]
[BlackElo "2500"]
[Annotator "Milos,G"]
[PlyCount "123"]
[EventDate "1997.??.??"]
[EventType "swiss"]
[EventRounds "7"]
[EventCountry "BRA"]
[SourceTitle "EXT 2001"]
[Source "ChessBase"]
[SourceDate "2000.11.22"]
[SourceVersion "1"]
[SourceVersionDate "2000.11.22"]
[SourceQuality "1"]

1. d4 Nf6 2. c4 e6 3. Nc3 Bb4 4. Qc2 c5 5. dxc5 O-O 6. a3 Bxc5 7. Nf3 b6 (7...
d5 {- 71/(560)}) 8. Bg5 Bb7 9. e4 h6 10. Bh4 Be7 11. Rd1 Nh5 12. Bxe7 Qxe7 13.
Be2 Nf4 14. O-O Nc6 15. Rfe1 Nxe2+ $6 $146 (15... d6 {- 35/635}) 16. Rxe2 Na5
17. Red2 Rfd8 (17... Bc6 $142 18. Ne5 Qg5 19. Nxc6 dxc6 20. c5 $14) 18. Nb5 f5
$2 19. Nd6 Bxe4 20. Nxe4 fxe4 21. Qxe4 $16 Nc6 22. Rd6 Rac8 23. Qd3 Rc7 24. b4
Qf6 25. Qe4 Qf5 26. Qxf5 exf5 27. h4 $1 Nb8 $5 (27... Kf8 28. h5 $16) 28. Ne5
Re8 29. f4 Nc6 $1 (29... h5 30. b5 $18) 30. Nxd7 (30. Rxd7 Rxd7 31. Rxd7 Nxe5
32. fxe5 a5 $1 33. Rb7 axb4 34. axb4 Rc8 $132) 30... Re4 31. h5 $1 Rxf4 32. b5
Ne7 33. Ne5 Re4 34. Re6 Rc5 35. Ng6 $3 Rc7 (35... Rxe6 36. Rd8+ Kf7 37. Rf8#) (
35... Kf7 36. Rxe4 fxe4 37. Rd7 $18) (35... Nxg6 36. hxg6 Rc8 37. Rxe4 fxe4 38.
Rd7 $18) 36. Rd8+ Kf7 37. Rxe4 fxe4 38. Rf8+ Ke6 39. Re8 $18 Kd6 40. Rxe7 Rxe7
41. Nxe7 Kxe7 42. Kf2 Kd6 43. Ke3 Kc5 (43... Ke5 44. g4) 44. Kxe4 Kxc4 45. Kf5
Kxb5 46. Kg6 Ka4 47. Kxg7 Kxa3 48. g4 $1 (48. Kxh6 b5 $11) 48... b5 49. g5 b4 (
49... hxg5 50. h6) 50. gxh6 b3 51. h7 b2 52. h8=Q b1=Q 53. Qf8+ Ka4 $8 (53...
Ka2 54. Qf7+) 54. Qf4+ Ka5 $8 (54... Ka3 55. Qe3+) 55. Qe5+ Ka6 $8 56. h6 Qb7+
57. Kg6 Qg2+ 58. Kf7 Qh1 (58... Qb7+ 59. Qe7) 59. Qf6+ Kb7 (59... Kb5 60. Kg6
$1) 60. Kg8 Kc7 61. h7 Qa8+ 62. Qf8 1-0

[Event "EU-ch 6th"]
[Site "Warsaw"]
[Date "2005.06.30"]
[Round "12"]
[White "Krasenkow, Michal"]
[Black "Markus, Robert"]
[Result "0-1"]
[WhiteElo "2672"]
[BlackElo "2584"]
[Annotator "Mueller,Karsten"]
[PlyCount "135"]
[EventDate "2005.06.18"]
[EventType "swiss"]
[EventRounds "13"]
[EventCountry "POL"]
[SourceTitle "CBM 108"]
[Source "ChessBase"]
[SourceDate "2005.09.26"]
[SourceVersion "1"]
[SourceVersionDate "2005.09.26"]
[SourceQuality "1"]

1. Nf3 Nf6 2. d4 e6 3. c4 b6 4. a3 Ba6 5. Qc2 Bb7 6. Nc3 c5 7. e4 cxd4 8. Nxd4
Bc5 9. Nf3 O-O 10. Bg5 h6 11. Bh4 Be7 12. Rd1 Nh5 13. Bxe7 Qxe7 14. g3 Nc6 15.
Bg2 Nf6 16. O-O d6 17. Rfe1 Rac8 18. b3 Rfd8 19. Qb2 a6 20. h3 Qc7 21. Re3 Nd7
22. Qa2 Qb8 23. Nd4 Nc5 24. Nce2 Ba8 25. Nxc6 Bxc6 26. Nd4 Ba8 27. a4 Qc7 28.
Qb2 Rb8 29. Qe2 Kh7 30. f4 Qe7 31. h4 e5 32. Nf5 Qf6 33. Qh5 Rd7 34. b4 Ne6 35.
Rxd6 Rxd6 36. Nxd6 exf4 37. e5 Qg6 38. Qxg6+ fxg6 39. gxf4 Bxg2 40. Kxg2 Rf8
41. Rf3 a5 42. bxa5 bxa5 43. Kg3 Rb8 44. h5 gxh5 45. f5 Nd4 46. e6 h4+ 47. Kf4
Nc6 48. Ke4 Rb1 49. Kd5 Ne7+ 50. Kc5 Re1 51. Rh3 g5 52. f6 Ng6 53. e7 Nxe7 54.
fxe7 Rxe7 55. Kb6 Kg6 56. c5 Re6 57. Rd3 g4 58. c6 Re7 59. c7 Rxc7 60. Kxc7 g3
61. Nc4 Kf5 62. Rf3+ Ke4 63. Nd2+ Ke5 64. Rf1 g2 {Vermutlich in Zeitnot
geschehen nun wundersame Dinge:} 65. Rg1 $2 (65. Kb6 gxf1=Q 66. Nxf1 Kf4 67.
Kxa5 Kf3 68. Kb5 Kf2 69. a5 Kxf1 70. a6 h3 71. a7 h2 72. a8=Q Kg1 73. Qg8+ Kf2
74. Qd5 Kg1 75. Qd1+ Kg2 76. Qg4+ Kf2 77. Qh3 Kg1 78. Qg3+ Kh1 79. Qf2 h5 80.
Qf1#) 65... h3 66. Nf1 $2 (66. Nf3+ $8 Kf4 67. Ne1 Kg3 (67... h2 68. Nxg2+ Kg3
69. Rc1 Kxg2 70. Kb6 h1=Q 71. Rxh1 Kxh1 72. Kxa5 h5 $11) 68. Kb6 (68. Nxg2 $2
hxg2 69. Rc1 Kh2 70. Rc6 h5 71. Rh6 Kg3 72. Rg6+ (72. Rxh5 Kf4 73. Rh4+ Kf5 74.
Rh5+ Kf6 75. Rh6+ Kg7 $19) 72... Kh3 73. Kc6 h4 74. Kb5 Kh2 75. Kxa5 g1=Q 76.
Rxg1 Kxg1 $19) 68... Kf2 69. Rxg2+ hxg2 70. Nxg2 Kxg2 71. Kxa5 $11) 66... Kf4
67. Kd6 Kf3 68. Nh2+ 0-1

[Event "EU-Cup 19th"]
[Site "Rethymno"]
[Date "2003.10.02"]
[Round "5.3"]
[White "Gagunashvili, Merab"]
[Black "Macieja, Bartlomiej"]
[Result "0-1"]
[WhiteElo "2577"]
[BlackElo "2627"]
[Annotator "Postny,E"]
[PlyCount "68"]
[EventDate "2003.09.28"]
[EventType "team-swiss"]
[EventRounds "7"]
[EventCountry "GRE"]
[SourceTitle "CBM 098"]
[Source "ChessBase"]
[SourceDate "2004.02.03"]
[SourceVersion "1"]
[SourceVersionDate "2004.02.03"]
[SourceQuality "1"]
[WhiteTeam "Tbilisi"]
[BlackTeam "Warsaw Polonia"]
[WhiteTeamCountry "GEO"]
[BlackTeamCountry "POL"]

1. d4 Nf6 2. c4 e6 3. Nc3 Bb4 4. Qc2 c5 5. dxc5 O-O 6. a3 Bxc5 7. Nf3 b6 8. Bg5
({Another popular continuation is} 8. Bf4) 8... Bb7 9. e4 (9. e3 Be7 10. Be2 a6
11. O-O h6 12. Bh4 d6 13. Rfd1 Qc7 14. Rac1 Nbd7 15. Bg3 Nh5 16. Bh4 Nhf6 $11 {
1-0 Karpov,A-Macieja,B/Warsaw rapid 2003 (47)}) 9... h6 10. Bh4 Be7 11. Rd1 {
This continuation gained popularity lately.} ({Another way of play is} 11. Be2
Nh5 12. Bxe7 Qxe7) 11... Nh5 12. Bg3 $5 {This position can also arise after 8.
Bf4 Nh5 9.Bg3 Bb7 10.Rd1 h6 11.e4 Be7 with white's turn to move. In case of
exchange on g3, white wants to make use of the "h" file.} ({More solid way of
play is} 12. Bxe7 Qxe7 13. Qd2 {- see Shipov,S-Schneider,A/Isle of Man 1999/
CBM 74 [Golod,V]}) 12... a6 {This move is flexible.} (12... Nxg3 13. hxg3 a6
14. e5 Qc7 15. Ne4 Nc6 16. Nf6+ Bxf6 17. exf6 Ne5 18. fxg7 Nxf3+ 19. gxf3 Kxg7
20. Qc3+ f6 21. Be2 $40 {1-0 Gagunashvili,M-Mirzoeva,E/Dubai 2003/CBM 93 ext 
(27)}) 13. e5 $5 $146 (13. Be2 Nxg3 14. hxg3 Nc6 15. e5 Qc7 16. Nd5 exd5 17.
cxd5 Rfe8 18. Rh5 Bf8 19. dxc6 Qxc6 $15 {0-1 Kortschnoj,V-Macieja,B/Bled 2002/
EXT 2003 (60)}) 13... Bxf3 $6 {Probably black should not hurry with this
exchange.} ({After} 13... Nxg3 14. hxg3 {the position could transpose to the
above-mentioned game Gagunashvili-Mirzoeva.}) (13... Qc7 $5) 14. gxf3 Qc7 (
14... Nc6 15. f4 $14) 15. f4 d6 $6 ({Stronger was} 15... Nc6 {not allowing
white to play f4-f5.}) 16. f5 $1 $36 {This strong move creates numerous weak
squares in black's camp.} dxe5 (16... Nxg3 17. hxg3 $16) 17. fxe6 fxe6 18. Qg6
Nf6 19. Rg1 Rf7 20. Bh3 (20. Qxh6 Nc6 (20... Bxa3 $2 21. bxa3 gxh6 22. Bxe5+
Kf8 (22... Rg7 23. Bxc7 Rxg1 24. Rd8+ $18) 23. Bxc7 Rxc7 24. Rd8+ Ke7 25. Rh8
$18) 21. Qg6 $16) 20... Qxc4 21. Rd5 $2 {Very spectacular move, but serious
mistake.} ({Strong enough was:} 21. Bxe5 Nc6 (21... Kf8 22. b3 Qc8 23. Nd5 Nc6
(23... Nbd7 24. Nxe7 Rxe7 25. Bd6 Qc3+ 26. Ke2 $18) 24. Bxf6 Bxf6 25. Nxb6 Ne5
26. Nxc8 Nxg6 27. Bxe6 $16) (21... Nbd7 $2 22. Rxd7 Nxd7 23. Bxe6 Nxe5 24.
Qxg7#) 22. Bxf6 Bxf6 23. Ne4 Nd4 (23... Bc3+ 24. bxc3 Ne5 25. Nf6+ Kf8 26. Qg3
gxf6 27. Qg8+ Ke7 28. Qxa8 Qxc3+ 29. Kf1 Qxh3+ 30. Rg2 $18) 24. Nxf6+ (24.
Qxf7+ Kh8 $1 25. Rxd4 Bxd4 $16) 24... Kf8 25. Rxd4 Qxd4 26. Nh7+ Ke8 27. Bxe6
Qxf2+ 28. Kd1 Rd8+ 29. Kc1 Qd2+ 30. Kb1 Qd3+ 31. Qxd3 Rxd3 32. Bxf7+ Kxf7 33.
Rf1+ $16) (21. Bh4 $6 Nbd7 22. Rxd7 Nxd7 23. Bxe6 Qxe6 24. Qxe6 Bxh4 {and
black has reasonable compensation for the queen.}) 21... Qc6 $1 (21... exd5 $2
22. Be6 $18) 22. Rxe5 Nbd7 23. Rxe6 Qc4 24. Re3 (24. Re4 Nxe4 25. Be6 Qxe6 26.
Qxe6 Nxc3 27. bxc3 Bxa3 $44) 24... Nf8 {Now black's king is safe.} 25. Qd3 Qb3
26. Bg2 $2 {This obvious move is losing by force!} ({It was necessary to
exchange queens by} 26. Nd1 {. In this case the position would be
approximately balanced.}) 26... Rd8 27. Nd5 (27. Qe2 Bc5 $19) 27... Qxb2 28.
Rxe7 $6 ({The least of evils was:} 28. Nxe7+ Rxe7 29. Qxd8 Rd7 30. Qxd7 N8xd7
31. Bf3) 28... Qa1+ 29. Ke2 Qa2+ $1 ({Less convincing is} 29... Qxg1 $6 30.
Nxf6+ Rxf6 31. Qxd8 Qxg2) 30. Kf1 Nxd5 31. Re2 {Allowing spectacular finish,
but white's position is hopeless anyway.} (31. Bxd5 Rxd5 32. Qe4 Rd1+ 33. Kg2
Rxe7 34. Qxe7 Qd5+ 35. f3 Rd3 $19) (31. Re1 Nf4 $1 $19) {[%tqu "En","How black
can conclude the game in style?","","","d5e3","",10]} 31... Ne3+ $1 {[%mdl 64]}
32. Qxe3 Rd1+ 33. Re1 Qc4+ 34. Qe2 Rxe1+ 0-1

[Event "Match/Nation FRA-BUL 31-41"]
[Site "St Maxime"]
[Date "1984.10.??"]
[Round "2"]
[White "Kouatly, Bachar"]
[Black "Spassov, Liuben"]
[Result "1-0"]
[WhiteElo "2425"]
[BlackElo "2460"]
[Annotator "Primel,D"]
[PlyCount "59"]
[EventDate "1984.10.10"]
[EventType "team-schev"]
[EventRounds "12"]
[EventCountry "FRA"]
[SourceTitle "EXT 2018"]
[Source "ChessBase"]
[SourceDate "2017.10.13"]
[SourceVersion "1"]
[SourceVersionDate "2017.10.13"]
[SourceQuality "1"]
[WhiteTeam "France"]
[BlackTeam "Bulgaria"]
[WhiteTeamCountry "FRA"]
[BlackTeamCountry "BUL"]

1. d4 Nf6 2. c4 e6 3. Nc3 Bb4 4. Qc2 c5 5. dxc5 O-O 6. Nf3 Na6 7. Bd2 Nxc5 8.
a3 (8. e3) 8... Bxc3 9. Bxc3 a5 $146 (9... b6 10. Ng5 Re8 11. b4 h6 12. h4 hxg5
13. bxc5 gxh4 14. Rxh4 bxc5 15. Qd3 d6 16. g4 Bb7 17. g5 Ne4 18. Rxe4 Bxe4 19.
Qxe4 Qxg5 20. Qg2 Qh6 21. Qh3 Qxh3 22. Bxh3 Rab8 23. Bg2 Kf8 24. Kd2 Ke7 25. f4
f6 26. Kc2 Rh8 27. Bf3 Rh4 28. Rg1 Kf7 29. f5 Rxc4 30. fxe6+ Kxe6 31. e4 g5 32.
Rh1 Rxc3+ 33. Kxc3 Ke5 34. Rf1 Rf8 35. Bg2 f5 36. exf5 Rxf5 37. Re1+ Kf6 38.
Kc4 Rf4+ 39. Kc3 {Reshevsky,S-Euwe,M Amsterdam 1950 1/2-1/2}) 10. Ng5 {[%cal
Gc3f6,Gc2h7]} g6 11. h4 Ne8 12. b4 axb4 13. axb4 Rxa1+ 14. Bxa1 Na6 15. Qc3 f6
16. h5 gxh5 17. Rxh5 Nxb4 18. Nxh7 Rf7 19. Rg5+ Rg7 (19... Kxh7 20. Qh3#) 20.
Rxg7+ Kxg7 21. Nxf6 Nxf6 22. Qxb4 d6 23. e3 Kf7 24. Bb2 Qc7 25. Qc3 Qd8 26. c5
d5 27. Qe5 Kg6 28. f4 Qh8 29. Bd3+ Kf7 30. Qc7+ {[%csl Rc8,Rf6]} 1-0